Normale Ansicht
MARC-Ansicht
Eintrag Personenname
001 - Kontrollnummer
- Kontrollfeld: 14483
003 - Kontrollnummer Identifier
- Kontrollfeld:
005 - Datum und Zeit der letzten Transaktion
- Kontrollfeld: 20220914165209.0
008 - Datenelemente mit fester Länge
- Kontrollfeld mit fester Länge: 220914|| aca||aabn | a|a d
040 ## - Katalogisierungsquelle
- Original-Katalogisierungsstelle:
- Übertragungsstelle:
100 ## - Ansetzung - Personenname
- Personenname: Thalheimer, Siegfried
670 ## - Datenquelle
- Quellenangabe: Work cat.: ()10393: Thalheimer, Siegfried, Die Affäre Dreyfus /